[Event "Sharjah Cup (Women) 12th"]
[Site "Sharjah"]
[Date "2022.12.15"]
[Round "8"]
[White "Almusawi, Maram"]
[Black "Mohamed Azzab, Mareim"]
[Result "0-1"]
[WhiteElo "1266"]
[BlackElo "1613"]
[PlyCount "50"]
[EventDate "2022.12.09"]
[EventType "swiss"]
[EventRounds "9"]
[EventCountry "UAE"]
[SourceTitle "CBM 211 Extra"]
[Source "ChessBase"]
[SourceDate "2023.01.31"]
[SourceVersion "1"]
[SourceVersionDate "2023.01.31"]
[SourceQuality "1"]

1. d4 d5 2. Nc3 Nf6 3. Bf4 c6 4. e3 Bf5 5. f3 e6 6. g4 Bg6 7. h4 h6 8. Bd3 Bxd3 9. Qxd3 Bd6 10. Nge2 Bc7 11. 0-0-0 Nbd7 12. g5 Ng8 13. g6 f6 14. e4 Ne7 15. h5 Nb6 16. Rhe1 Qd7 17. Bxc7 Qxc7 18. exd5 exd5 19. Qe3 0-0-0 20. Nf4 Nf5 21. Qd3 Qxf4+ 22. Kb1 Rhe8 23. Ne2 Qg5 24. f4 Qxh5 25. Rd2 Re3 0-1

[Event "Africa-ch U14 Girls"]
[Site "Windhoek"]
[Date "2019.12.19"]
[Round "6.6"]
[White "Mohamed Azzab, Mareim"]
[Black "Horn, Lure"]
[Result "0-1"]
[WhiteElo "1102"]
[BlackElo "1063"]
[PlyCount "76"]
[EventDate "2019.12.16"]
[EventType "swiss"]
[EventRounds "9"]
[EventCountry "NAM"]
[SourceTitle "EXT 2024"]
[Source "ChessBase"]
[SourceDate "2023.10.10"]
[SourceVersion "1"]
[SourceVersionDate "2023.10.10"]
[SourceQuality "1"]

1. d4 d5 2. Nf3 Bf5 3. Bf4 e6 4. e3 c5 5. Be2 Nf6 6. Nbd2 Nc6 7. c3 c4 8. 0-0 Bd6 9. Bg3 Bxg3 10. hxg3 h5 11. b3 b5 12. a4 b4 13. cxb4 c3 14. Qc1 Qd6 15. Qxc3 Ng4 16. Bb5 Rc8 17. Rfc1 Ke7 18. Bxc6 h4 19. Nxh4 Rxh4 20. gxh4 Qh2+ 21. Kf1 Qxh4 22. g3 Qh2 23. Ke1 Qxf2+ 24. Kd1 Nxe3+ 25. Qxe3 Qxe3 26. a5 Bg4+ 27. Kc2 Rxc6+ 28. Kb2 Qxd2+ 29. Ka3 Rxc1 30. Rxc1 Qxc1+ 31. Ka4 a6 32. b5 axb5+ 33. Kxb5 Qa3 34. Ka6 Qxb3 35. Ka7 Kd7 36. Ka8 Kd8 37. Ka7 Kc7 38. a6 Qb8# 0-1